Sports Quiz

Random Sports or Football Quiz

NFL Punt Return TD Leaders Quiz Stats

 Plays Quiz Updated Jan 12, 2015

Challenge
Share
Tweet
Embed
Score 0/18 Timer 07:00
2 Plays Today
TDs Player % Correct
14Devin Hester
89.9%
6Deion Sanders
64.1%
6Billy Johnson
42.9%
8Desmond Howard
39.2%
6Dante Hall
38.7%
5Adam 'Pacman' Jones
34.1%
7Darren Sproles
25.3%
5Karl Williams
24.2%
9Brian Mitchell
22.5%
TDs Player % Correct
10Eric Metcalf
17.8%
7Dave Meggett
11.9%
6Jermaine Lewis
10.9%
8Rick Upchurch
5%
6Darrien Gordon
4.3%
5Joey Galloway
3.4%
5Emlen Tunnell
2%
8Jack Christiansen
1.9%
5Curly Oden
1.3%

You're not logged in!

Compare scores with friends on all Sporcle quizzes.
Join for Free
OR
Log In

You Might Also Like...

Show Comments

Extras

Top Quizzes Today


Score Distribution

Your Account Isn't Verified!

In order to create a playlist on Sporcle, you need to verify the email address you used during registration. Go to your Sporcle Settings to finish the process.

Report this User

Report this user for behavior that violates our Community Guidelines.

Details: